000 01061nam a2200337 a 4500
001 000002260
003 DO-SdBPM
005 20250903135026.0
007 ta
008 090701s2008 dr r 000 p spa d
020 _a9789945427448
040 _aDO-SdBPM
_bspa
_cBPMSU
_drda
082 4 _aRD861.44
_bJ27p 2008
_222
100 1 _aJames Rawlings, Norberto,
_d1945-
_eautor
245 1 0 _aPatria portátil /
_cNorberto James Rawlings ; edición Amado Santana.
260 _c
264 _aSanto Domingo :
_bEditora Nacional,
_c2008
300 _a47 páginas ;
_c23 cm.
336 _atexto
_btxt
_2rdacontent
337 _asin mediación
_bn
_2rdamedia
338 _avolumen
_bnc
_2rdacarrier
490 0 _aUltramar
500 _aIncluye datos biográficos del autor en la solapa de la cubierta
590 _aInventariado, 2025/VM
650 7 _aPoesía dominicana
650 7 _aLiteratura dominicana.
650 z _aDominican literature
700 _aSantana, Amado,
_eeditor
910 _aVMateo V. Control de calidad. BPMSU
942 _2ddc
_cBK
999 _c15368
_d15368